L’amoris officium à l’égard des prêtres et évêques d’âge avancé (notice n° 1620544)
[ vue normale ]
| 000 -LEADER | |
|---|---|
| fixed length control field | 01770cam a2200169 4500500 |
| 005 - DATE AND TIME OF LATEST TRANSACTION | |
| control field | 20260111091208.0 |
| 041 ## - LANGUAGE CODE | |
| Language code of text/sound track or separate title | fre |
| 042 ## - AUTHENTICATION CODE | |
| Authentication code | dc |
| 100 10 - MAIN ENTRY--PERSONAL NAME | |
| Personal name | Bamberg, Anne |
| Relator term | author |
| 245 00 - TITLE STATEMENT | |
| Title | L’amoris officium à l’égard des prêtres et évêques d’âge avancé |
| 260 ## - PUBLICATION, DISTRIBUTION, ETC. | |
| Date of publication, distribution, etc. | 2005.<br/> |
| 500 ## - GENERAL NOTE | |
| General note | 21 |
| 520 ## - SUMMARY, ETC. | |
| Summary, etc. | Partant de documents récents sur le ministère épiscopal, l’étude traite des responsabilités de l’évêque diocésain à l’égard des prêtres et évêques âgés. Les questions de subsistance et de protection sociale étant situées dans le contexte à la fois de l’Église particulière et universelle, il apparaît que les problèmes liés au grand âge exigent solidarité et créativité pour arriver à promouvoir la « bien-traitance » des clercs avancés en âge. Une lecture généreuse des canons et textes normatifs s’impose tout particulièrement à l’exercice de la charité pastorale pour l’évêque émérite. |
| 520 ## - SUMMARY, ETC. | |
| Summary, etc. | Reflecting on some recent documents which deal with the episcopal ministry, the A. discusses the responsability of the diocesan bishops regarding ageing priests and bishops. Considering subsistance and social welfare in the context of both the particular and the universal Curch, we realise that the problems linked with old age require solidarity and creativity in order decently to look after the aged members of the clergy. A liberal interpretation of the canons and other normative texts is specially required in the exercise of pastoral charity towards emeritus bishops. |
| 786 0# - DATA SOURCE ENTRY | |
| Note | Nouvelle revue théologique | 127 | 2 | 2005-03-12 | p. 226-235 | 0029-4845 |
| 856 41 - ELECTRONIC LOCATION AND ACCESS | |
| Uniform Resource Identifier | <a href="https://shs.cairn.info/revue-nouvelle-revue-theologique-2005-2-page-226?lang=fr&redirect-ssocas=7080">https://shs.cairn.info/revue-nouvelle-revue-theologique-2005-2-page-226?lang=fr&redirect-ssocas=7080</a> |
Pas d'exemplaire disponible.




Réseaux sociaux